[Event "2 IECC, Ohrid"]
[Site "Ohrid MKD"]
[Date "2001.06.12"]
[Round "11.74"]
[White "Bogdanovski, Vlatko"]
[Black "Kempinski, Robert"]
[Result "0-1"]
[WhiteElo "2463"]
[BlackElo "2582"]
[EventDate "2001.06.01"]
[PlyCount "114"]

1.d4 Nf6 2.c4 g6 3.Nc3 Bg7 4.e4 O-O 5.Nf3 c6 6.Bd3 d6 7.h3 Na6 8.Be3 e5 9.
d5 Bd7 10.O-O Qb8 11.a3 Rc8 12.dxc6 Bxc6 13.b4 Nc7 14.Rc1 Ne6 15.Nd5 Re8 
16.Re1 Nd7 17.Nc3 Nb6 18.a4 Nc8 19.a5 Rf8 20.Bc2 Kh8 21.Bb3 Ne7 22.Nd5 Ng8
23.Qd2 f5 24.exf5 gxf5 25.Ng5 Nxg5 26.Bxg5 h6 27.Bh4 Qe8 28.f4 Qg6 29.Ne7 
Nxe7 30.Bxe7 Rfe8 31.b5 Rxe7 32.bxc6 bxc6 33.Ba4 c5 34.Bc6 Rc8 35.Bd5 e4 
36.Kh2 Bd4 37.Rb1 Rg7 38.Rb3 h5 39.Rf1 h4 40.Qe2 Rcc7 41.a6 Kh7 42.Kh1 
Rce7 43.Rb7 Kh6 44.Rb8 Qg3 45.Rh8+ Rh7 46.Rd8 Qg6 47.Rb1 Re8 48.Rbb8 Rxd8 
49.Rxd8 Rh8 50.Rd7 Rh7 51.Rd8 Re7 52.Qe1 Qg3 53.Rxd6+ Kg7 54.Qd1 Qf2 55.
Rd8 e3 56.Qh5 Qf1+ 57.Kh2 Qxf4+ 0-1

[Event "2 IECC, Ohrid"]
[Site "Ohrid MKD"]
[Date "2001.06.12"]
[Round "11.76"]
[White "Minasian, Ara"]
[Black "Narciso Dublan, Marc"]
[Result "1/2-1/2"]
[WhiteElo "2478"]
[BlackElo "2544"]
[EventDate "2001.06.01"]
[PlyCount "87"]

1.e4 e5 2.Nf3 Nc6 3.Bb5 Nf6 4.d4 Nxe4 5.Qe2 Nd6 6.Bxc6 dxc6 7.dxe5 Nf5 8.
Bg5 Be7 9.Bxe7 Nxe7 10.O-O Ng6 11.Nc3 O-O 12.Qe4 Qe7 13.Rad1 Re8 14.Rfe1 
h6 15.h3 Bd7 16.Ne2 Rad8 17.Nf4 Nxf4 18.Qxf4 c5 19.Rd3 Bc6 20.Red1 Rxd3 
21.Rxd3 Rd8 22.Rxd8+ Qxd8 23.Qd2 Qe7 24.Qe3 b6 25.b3 a5 26.Ne1 Qe6 27.f3 
Kf8 28.Kf2 g5 29.c4 a4 30.Nc2 Ke7 31.Qc3 Qf5 32.Ne3 Qb1 33.Qd2 axb3 34.
axb3 Qxb3 35.h4 Ke6 36.hxg5 hxg5 37.Ng4 Qxc4 38.Qxg5 Kd7 39.Qg8 Qf4 40.Qb8
Qd2+ 41.Kg3 Qe1+ 42.Kh3 Qh1+ 43.Kg3 Qe1+ 44.Kh3 1/2-1/2

[Event "2 IECC, Ohrid"]
[Site "Ohrid MKD"]
[Date "2001.06.12"]
[Round "11.81"]
[White "Chatalbashev, Boris"]
[Black "Efimenko, Zahar"]
[Result "0-1"]
[WhiteElo "2518"]
[BlackElo "2439"]
[EventDate "2001.06.01"]
[PlyCount "144"]

1.d4 Nf6 2.Nf3 g6 3.Nc3 d5 4.Bf4 Bg7 5.e3 O-O 6.Be2 c5 7.Ne5 Nc6 8.O-O Bf5
9.Re1 Qa5 10.Qd2 Rfd8 11.a3 c4 12.b4 Qb6 13.f3 Ne8 14.Nxc6 Qxc6 15.b5 Qb6 
16.g4 Be6 17.a4 Qa5 18.Nb1 Qxd2 19.Nxd2 f6 20.c3 Bf7 21.e4 e6 22.h4 Bh8 
23.Bf1 Rd7 24.g5 e5 25.dxe5 fxe5 26.Bg3 dxe4 27.Nxe4 Rad8 28.Nf2 Nd6 29.
Bxe5 Nf5 30.Ng4 Rd2 31.Bxh8 Kxh8 32.Ne5 Bg8 33.Bxc4 Nxh4 34.Be2 Rf8 35.Kf2
Bd5 36.Ke3 Rb2 37.Rh1 Ng2+ 38.Kd4 Rd8 39.c4 Be6+ 40.Kc5 Rxe2 41.Ng4 Nf4 
42.Kb4 Rc2 43.Ne5 Bxc4 44.Rh4 Nd3+ 45.Nxd3 Bxd3 46.Re1 Rc7 47.Re5 Kg7 48.
a5 Bf5 49.Rc5 Rxc5 50.Kxc5 Be6 51.Re4 Rd5+ 52.Kb4 Bd7 53.Kc4 Rd1 54.Re7+ 
Kg8 55.Kc5 a6 56.bxa6 bxa6 57.Kb6 Bb5 58.Rc7 Rd5 59.Rc8+ Kf7 60.Rc7+ Ke6 
61.Rxh7 Rxg5 62.Rc7 Rg3 63.Rc3 g5 64.Rc5 Kf6 65.Rc8 Kg7 66.Rc3 Kg6 67.Kc5 
g4 68.Kd4 Rxf3 69.Rc1 Kf5 70.Rh1 Rh3 71.Re1 Rd3+ 72.Kc5 g3 0-1

[Event "2 IECC, Ohrid"]
[Site "Ohrid MKD"]
[Date "2001.06.12"]
[Round "11.83"]
[White "Shneider, Alexander"]
[Black "Petrov, Marijan"]
[Result "1-0"]
[WhiteElo "2516"]
[BlackElo "2425"]
[EventDate "2001.06.01"]
[PlyCount "101"]

1.d4 g6 2.c4 Bg7 3.Nc3 c5 4.d5 d6 5.e4 e6 6.Bd3 Nf6 7.h3 O-O 8.Nf3 Na6 9.
O-O Re8 10.Bg5 Nc7 11.Qd2 e5 12.a3 Bd7 13.b4 b6 14.Nh2 Qc8 15.Be2 Nh5 16.
Bxh5 gxh5 17.bxc5 bxc5 18.f4 Qa6 19.Qd3 f6 20.Bh4 Rf8 21.Ne2 f5 22.fxe5 
Bxe5 23.Ng3 f4 24.Ne2 Bxa1 25.Rxa1 Be8 26.Rf1 Bg6 27.Nxf4 Ne8 28.Ne6 Rxf1+
29.Qxf1 Bf7 30.Nd8 Rxd8 31.Bxd8 Qxa3 32.Bg5 Bg6 33.Bh6 Bf7 34.Nf3 Qc3 35.
Kh1 Nf6 36.e5 Ne4 37.Kh2 dxe5 38.Qb1 Nf6 39.Qb8+ Ne8 40.Nxe5 h4 41.Bf4 Qd4
42.Ng4 Qxc4 43.Be5 Kf8 44.Nf6 Qe2 45.Nxh7+ Kg8 46.Nf6+ Kf8 47.Nd7+ Ke7 48.
d6+ Ke6 49.Nxc5+ Kf5 50.d7 Bd5 51.Qb2 1-0

[Event "2 IECC, Ohrid"]
[Site "Ohrid MKD"]
[Date "2001.06.12"]
[Round "11.84"]
[White "Kuczynski, Robert"]
[Black "Dancevski, Orce"]
[Result "1/2-1/2"]
[WhiteElo "2509"]
[BlackElo "2428"]
[EventDate "2001.06.01"]
[PlyCount "45"]

1.e4 c5 2.Nf3 g6 3.c3 Bg7 4.d4 cxd4 5.cxd4 d5 6.e5 Bg4 7.Bb5+ Nc6 8.O-O 
Bxf3 9.Qxf3 e6 10.Nc3 Ne7 11.Bg5 Qd7 12.Bxc6 Nxc6 13.Rad1 O-O 14.Qf4 Ne7 
15.Rd3 Kh8 16.Rh3 Ng8 17.Qh4 h6 18.Bf6 Bxf6 19.exf6 Qd8 20.Qg5 Qxf6 21.
Qxf6+ Nxf6 22.Rxh6+ Kg7 23.Rh3 1/2-1/2

[Event "2 IECC, Ohrid"]
[Site "Ohrid MKD"]
[Date "2001.06.12"]
[Round "11.85"]
[White "Mitkov, Marjan"]
[Black "Grabarczyk, Miroslaw"]
[Result "0-1"]
[WhiteElo "2424"]
[BlackElo "2506"]
[EventDate "2001.06.01"]
[PlyCount "62"]

1.d4 d5 2.c4 c6 3.Nc3 Nf6 4.Nf3 e6 5.Bg5 h6 6.Bh4 dxc4 7.e4 g5 8.Bg3 b5 9.
Be2 Bb7 10.O-O Nbd7 11.Ne5 Bg7 12.f4 Nxe5 13.fxe5 Nd7 14.a4 a6 15.b3 cxb3 
16.Qxb3 O-O 17.Rad1 Qe7 18.Be1 b4 19.Na2 a5 20.Nxb4 axb4 21.Bxb4 c5 22.
dxc5 Bc6 23.Bb5 Nxe5 24.Rd6 Qc7 25.Qg3 Rfc8 26.h4 Qe7 27.hxg5 Qxg5 28.Qf2 
Bxe4 29.Bd2 Qg6 30.Rc1 Bf8 31.Rd4 Nf3+ 0-1

[Event "2 IECC, Ohrid"]
[Site "Ohrid MKD"]
[Date "2001.06.12"]
[Round "11.86"]
[White "Miton, Kamil"]
[Black "Khruschiov, Alexei"]
[Result "1-0"]
[WhiteElo "2497"]
[BlackElo "2400"]
[EventDate "2001.06.01"]
[PlyCount "63"]

1.d4 Nf6 2.c4 g6 3.Nc3 Bg7 4.e4 O-O 5.Bd3 d6 6.Nge2 Nc6 7.O-O Re8 8.f4 e5 
9.fxe5 dxe5 10.d5 Nd4 11.h3 c6 12.Bg5 Qb6 13.Nxd4 Nd7 14.Na4 Qxd4+ 15.Kh2 
b5 16.Qe2 Nc5 17.Nxc5 Qxc5 18.Rac1 b4 19.Be3 Qf8 20.Qf2 f5 21.Bc5 Qf6 22.
Bxb4 f4 23.Be2 Rb8 24.Ba3 Bh6 25.Bf3 Rb7 26.Rfd1 c5 27.Bxc5 Rg7 28.Qe2 g5 
29.Bg4 Qg6 30.d6 Bb7 31.d7 Rd8 32.Rd6 1-0

[Event "2 IECC, Ohrid"]
[Site "Ohrid MKD"]
[Date "2001.06.12"]
[Round "11.87"]
[White "Dervishi, Erald"]
[Black "Torfinnsson, Bragi"]
[Result "0-1"]
[WhiteElo "2491"]
[BlackElo "2292"]
[EventDate "2001.06.01"]
[PlyCount "66"]

1.e4 c5 2.Nf3 d6 3.d4 cxd4 4.Nxd4 Nf6 5.Nc3 Nc6 6.Bc4 e6 7.Be3 Be7 8.Qe2 
O-O 9.O-O-O a6 10.Bb3 Nd7 11.Kb1 Qc7 12.f4 Nc5 13.f5 Bf6 14.g4 Re8 15.fxe6
fxe6 16.Rhf1 Bxd4 17.Bxd4 Nxd4 18.Rxd4 Nxb3 19.axb3 b5 20.Rfd1 Rd8 21.e5 
d5 22.Qe3 Bd7 23.Ne2 a5 24.Rf4 Be8 25.Nd4 Bg6 26.Qe2 Rdc8 27.Rc1 b4 28.
Nxe6 Qb6 29.Nd4 a4 30.Qb5 Qxb5 31.Nxb5 axb3 32.Rf5 Bxf5 33.gxf5 Rxc2 0-1

[Event "2 IECC, Ohrid"]
[Site "Ohrid MKD"]
[Date "2001.06.12"]
[Round "11.88"]
[White "Cao, Sang"]
[Black "Morrison, Chris"]
[Result "1-0"]
[WhiteElo "2488"]
[BlackElo "2176"]
[EventDate "2001.06.01"]
[PlyCount "45"]

1.e4 e5 2.Nf3 d6 3.d4 Nd7 4.Bc4 Be7 5.dxe5 Nb6 6.Bb3 Bg4 7.Nc3 Qd7 8.Bf4 
g5 9.Be3 O-O-O 10.h3 Be6 11.Nxg5 Bxg5 12.Bxg5 Re8 13.exd6 cxd6 14.Qd4 Ne7 
15.O-O-O Rhg8 16.Bf4 Bxb3 17.axb3 Rg6 18.Bxd6 Nc6 19.Qc5 Qe6 20.Nb5 Nd7 
21.Nxa7+ Kd8 22.Nxc6+ bxc6 23.Qa5+ 1-0

[Event "2 IECC, Ohrid"]
[Site "Ohrid MKD"]
[Date "2001.06.12"]
[Round "11.91"]
[White "Vasovski, Nikola"]
[Black "Zuger, Beat"]
[Result "1/2-1/2"]
[WhiteElo "2359"]
[BlackElo "2448"]
[EventDate "2001.06.01"]
[PlyCount "56"]

1.d4 Nf6 2.Nf3 d6 3.g3 g6 4.Bg2 Bg7 5.O-O O-O 6.c4 a6 7.Nc3 c6 8.e4 Bg4 9.
Qb3 b5 10.Be3 Nfd7 11.Nd2 Nb6 12.a4 bxc4 13.Nxc4 Nxc4 14.Qxc4 a5 15.Rab1 
Bc8 16.b4 axb4 17.Qxb4 Ba6 18.Rfd1 Nd7 19.e5 d5 20.a5 e6 21.Na4 Rb8 22.Qc3
Bb5 23.Nb2 c5 24.f4 c4 25.Rdc1 Ra8 26.Bd2 Qc7 27.Nd1 Bc6 28.Ne3 Rfc8 
1/2-1/2

[Event "2 IECC, Ohrid"]
[Site "Ohrid MKD"]
[Date "2001.06.12"]
[Round "11.92"]
[White "Stamenkov, Vanco"]
[Black "Stanojoski, Zvonko"]
[Result "1/2-1/2"]
[WhiteElo "2380"]
[BlackElo "2435"]
[EventDate "2001.06.01"]
[PlyCount "115"]

1.Nf3 Nf6 2.g3 b5 3.Bg2 Bb7 4.O-O e6 5.b3 d6 6.Bb2 Nbd7 7.d3 Be7 8.Nbd2 
O-O 9.e4 a6 10.Qe2 c5 11.c4 Ne8 12.Rfe1 Bf6 13.Nf1 b4 14.Ne3 a5 15.a4 Bxb2
16.Qxb2 e5 17.Nh4 Nb8 18.Rf1 Nc6 19.f4 Nd4 20.Nhf5 Nc7 21.Nxd4 cxd4 22.Nd5
Na6 23.Bh3 Nc5 24.Rf3 Ra7 25.Raf1 Bc6 26.Qb1 Rb7 27.R3f2 Ra7 28.Qd1 Bxd5 
29.cxd5 Rc7 30.fxe5 dxe5 31.Rc2 Qd6 32.Rc4 f5 33.Bxf5 g6 34.Bh3 Rxf1+ 35.
Bxf1 Nd7 36.Qc2 Rxc4 37.Qxc4 Nc5 38.Be2 Kf8 39.Bd1 Ke7 40.Qb5 Qc7 41.Kg2 
h5 42.h4 Nd7 43.Qa6 Nf8 44.Bf3 Qc2+ 45.Kh3 Qxb3 46.Qc6 Nd7 47.Qxg6 Kd8 48.
d6 Nc5 49.Qg5+ Kc8 50.Bxh5 Qxd3 51.Bg4+ Kb8 52.Qd8+ Ka7 53.Qxa5+ Na6 54.
Bc8 Qf1+ 55.Kg4 Qd1+ 56.Kh3 Qh1+ 57.Kg4 Qd1+ 58.Kh3 1/2-1/2

[Event "2 IECC, Ohrid"]
[Site "Ohrid MKD"]
[Date "2001.06.12"]
[Round "11.96"]
[White "Haznedaroglu, Kivanc"]
[Black "Brendel, Oliver"]
[Result "0-1"]
[WhiteElo "2358"]
[BlackElo "2389"]
[EventDate "2001.06.01"]
[PlyCount "92"]

1.e4 c5 2.Nf3 g6 3.d4 cxd4 4.Nxd4 Nc6 5.c4 Nf6 6.Nc3 Nxd4 7.Qxd4 d6 8.Be2 
Bg7 9.Be3 O-O 10.Qd2 Be6 11.Rc1 Qa5 12.O-O a6 13.b3 b5 14.cxb5 axb5 15.f3 
Rfc8 16.Bd4 Rc6 17.Rc2 b4 18.Na4 Nxe4 19.fxe4 Rxc2 20.Qxc2 Bxd4+ 21.Kh1 
Qg5 22.Bf3 Rc8 23.Qd3 Be5 24.g3 h5 25.Nb6 Rc3 26.Qe2 h4 27.gxh4 Qxh4 28.
Nd5 Bxd5 29.exd5 Kg7 30.Qg2 Rc8 31.Qe2 Rh8 32.Rf2 Bd4 33.Rf1 Be5 34.Rf2 
Qd4 35.Rg2 Rc8 36.Qd2 Qh4 37.Rg1 Rh8 38.Rg2 Rc8 39.Rg1 Rc3 40.Rf1 Qh3 41.
Qg2 Qxg2+ 42.Kxg2 Rc2+ 43.Rf2 Rxf2+ 44.Kxf2 Bxh2 45.Ke3 f5 46.Kd4 Bg1+ 0-1

[Event "2 IECC, Ohrid"]
[Site "Ohrid MKD"]
[Date "2001.06.12"]
[Round "11.97"]
[White "Kutirov, Rolando"]
[Black "Ulker, Ates"]
[Result "0-1"]
[WhiteElo "2381"]
[BlackElo "2332"]
[EventDate "2001.06.01"]
[PlyCount "98"]

1.d4 Nf6 2.c4 e6 3.g3 d5 4.Nf3 Bb4+ 5.Bd2 Be7 6.Bg2 O-O 7.Qc2 Nbd7 8.O-O 
Ne4 9.Bf4 c6 10.Nc3 f5 11.Rad1 a6 12.Ne5 Nxe5 13.Bxe5 Bf6 14.f3 Nxc3 15.
Qxc3 Bd7 16.e4 fxe4 17.Bxf6 Rxf6 18.fxe4 dxc4 19.Qxc4 Qe7 20.Qc5 Re8 21.
Qxe7 Rxe7 22.Rxf6 gxf6 23.e5 f5 24.Kf2 Be8 25.Bf3 Rd7 26.Ke3 Bf7 27.b4 Kf8
28.a4 Ke7 29.Rc1 Kd8 30.Rc5 Be8 31.b5 cxb5 32.axb5 Rc7 33.Rxc7 Kxc7 34.
bxa6 bxa6 35.d5 exd5 36.Bxd5 Kd7 37.Kf4 Bg6 38.Kg5 Ke7 39.h4 a5 40.e6 a4 
41.h5 Be8 42.Bc4 a3 43.h6 Bb5 44.Ba2 Bd3 45.Kf4 Kf6 46.Ke3 Ba6 47.Kd4 Bc8 
48.e7 Kxe7 49.Ke5 Bd7 0-1

[Event "2 IECC, Ohrid"]
[Site "Ohrid MKD"]
[Date "2001.06.12"]
[Round "11.98"]
[White "Ilic, Ljubomir"]
[Black "Kristjansson, Stefan"]
[Result "0-1"]
[WhiteElo "2282"]
[BlackElo "2371"]
[EventDate "2001.06.01"]
[PlyCount "130"]

1.e4 e6 2.d4 d5 3.Nc3 Bb4 4.Ne2 dxe4 5.a3 Be7 6.Nxe4 b6 7.N2c3 Bb7 8.Bb5+ 
c6 9.Be2 Nf6 10.O-O O-O 11.Bf3 Na6 12.Re1 h6 13.Be3 Qd7 14.Nxf6+ Bxf6 15.
Ne4 Be7 16.Qe2 Nc7 17.Rad1 Rad8 18.c4 Qc8 19.Nc3 Rd7 20.Be4 f5 21.Bf3 Qd8 
22.Bf4 Bd6 23.Be5 Qe7 24.b4 Ba8 25.c5 Bxe5 26.Qxe5 Rfd8 27.cxb6 axb6 28.
Na4 Rb8 29.Rc1 Qd6 30.Qe2 Nb5 31.Qxe6+ Qxe6 32.Rxe6 Nxd4 33.Re3 f4 34.Rec3
Ra7 35.Bd1 Re7 36.h3 g5 37.Bg4 Kg7 38.Rd3 Nb5 39.Rcd1 Kf6 40.Rd8 Rxd8 41.
Rxd8 Bb7 42.Nxb6 Nxa3 43.Nd7+ Kg6 44.Nc5 Nc4 45.Bf3 Kf6 46.Kh2 Rc7 47.Bg4 
Re7 48.Rh8 Kg7 49.Rb8 Nd6 50.Bf3 Kf6 51.b5 Nxb5 52.Nxb7 Nd4 53.Na5 c5 54.
Rc8 Re1 55.Rxc5 Rf1 56.Bh5 Rxf2 57.Kg1 Ra2 58.Nc6 Nf5 59.Bf3 Ra1+ 60.Kf2 
Ng3 61.Be2 Ne4+ 62.Kf3 Nxc5 63.Nd4 Ra3+ 64.Kf2 Ne4+ 65.Ke1 Ra1+ 0-1

[Event "2 IECC, Ohrid"]
[Site "Ohrid MKD"]
[Date "2001.06.12"]
[Round "11.99"]
[White "Kizov, Atanas"]
[Black "Gicov, Zoran"]
[Result "1/2-1/2"]
[WhiteElo "2368"]
[BlackElo "2257"]
[EventDate "2001.06.01"]
[PlyCount "33"]

1.Nf3 Nf6 2.g3 g6 3.b3 Bg7 4.Bb2 d6 5.d4 O-O 6.Bg2 Nc6 7.O-O e5 8.dxe5 Ng4
9.Qd2 dxe5 10.e4 Qxd2 11.Nbxd2 Rd8 12.h3 Nh6 13.Nc4 f6 14.Rfd1 Be6 15.Ne3 
Ne7 16.Bf1 Nf7 17.Ba3 1/2-1/2

[Event "2 IECC, Ohrid"]
[Site "Ohrid MKD"]
[Date "2001.06.12"]
[Round "11.100"]
[White "Gicev, Blagoja"]
[Black "Blatny, Pavel"]
[Result "1-0"]
[WhiteElo "2336"]
[BlackElo "2547"]
[EventDate "2001.06.01"]
[PlyCount "67"]

1.e4 b6 2.d4 Bb7 3.Nd2 e6 4.Ngf3 c5 5.c3 Nf6 6.Bd3 Nc6 7.a3 d5 8.e5 Nd7 9.
O-O a5 10.Re1 Qc8 11.Bc2 cxd4 12.cxd4 Ba6 13.Nf1 Bxf1 14.Rxf1 b5 15.Be3 a4
16.Ng5 Be7 17.Nxh7 g6 18.Ng5 Bxg5 19.Bxg5 Nxd4 20.Qxd4 Qxc2 21.Rac1 Qe4 
22.Qa7 d4 23.Qc7 f6 24.Bxf6 Rh7 25.Qd6 Nxf6 26.Qxe6+ Re7 27.Qxf6 d3 28.
Rce1 Qd5 29.e6 Qh5 30.Re5 Qh7 31.Rd5 g5 32.Rd1 Rc8 33.R5xd3 Qg7 34.Qf5 1-0

[Event "2 IECC, Ohrid"]
[Site "Ohrid MKD"]
[Date "2001.06.12"]
[Round "11.101"]
[White "Grant, Jonathan"]
[Black "Petkovski, Vlatko"]
[Result "1-0"]
[WhiteElo "2218"]
[BlackElo "2265"]
[EventDate "2001.06.01"]
[PlyCount "115"]

1.c4 g6 2.Nc3 Bg7 3.g3 c5 4.Bg2 Nc6 5.e4 a6 6.Nge2 b5 7.d3 Rb8 8.O-O d6 9.
a3 Bd7 10.Rb1 b4 11.axb4 Rxb4 12.Be3 Nd4 13.Nxd4 cxd4 14.Nd5 Rb8 15.Bd2 e6
16.Nf4 Ne7 17.b4 Nc6 18.Qc2 h5 19.h4 Ne5 20.Ra1 Bc8 21.Rfb1 Bf6 22.b5 axb5
23.cxb5 O-O 24.Ra3 Bd7 25.Ba5 Qe7 26.b6 Rfc8 27.Qa2 Bc6 28.Ne2 Nd7 29.Rb2 
Nc5 30.Qb1 Qd7 31.Bd2 Rb7 32.Rb4 e5 33.Kh2 Rcb8 34.f4 Bd8 35.Bh3 Qe8 36.
fxe5 dxe5 37.Qc2 Ne6 38.Ra5 Bxb6 39.Rxe5 Bc7 40.Rxb7 Rxb7 41.Rxe6 fxe6 42.
Nxd4 Bd7 43.Bc1 Be5 44.Nf3 Rc7 45.Qb1 Bg7 46.Ng5 Qc8 47.Bf4 Rc2+ 48.Kh1 
Rb2 49.Qd1 Bd4 50.Qf3 Rf2 51.Qd1 Rb2 52.Qf3 Rb1+ 53.Bf1 Qf8 54.Qe2 Rb2 55.
Qe1 e5 56.Qa5 Bb5 57.Qc7 exf4 58.Qh7# 1-0

[Event "2 IECC, Ohrid"]
[Site "Ohrid MKD"]
[Date "2001.06.13"]
[Round "12.10"]
[White "Kacheishvili, Giorgi"]
[Black "Graf, Alexander"]
[Result "0-1"]
[WhiteElo "2570"]
[BlackElo "2649"]
[EventDate "2001.06.01"]
[PlyCount "88"]

1.d4 Nf6 2.c4 e6 3.Nf3 b6 4.e3 Bb7 5.Bd3 Bb4+ 6.Nbd2 c5 7.a3 Bxd2+ 8.Bxd2 
Ne4 9.Bxe4 Bxe4 10.Bc3 f6 11.dxc5 bxc5 12.Nd2 Bg6 13.h4 h5 14.Qf3 Nc6 15.
Ne4 Qe7 16.Rd1 Bxe4 17.Qxe4 Rd8 18.Qf3 Qf7 19.Rd6 Qg6 20.O-O Qg4 21.Rfd1 
a5 22.R1d2 Ke7 23.Qd1 Qxd1+ 24.Rxd1 a4 25.f3 Rhf8 26.Kf2 Rf7 27.Ke2 Ke8 
28.Kd3 Rb8 29.Kc2 Rb7 30.R6d2 Ke7 31.Rd3 Rf8 32.R3d2 Rfb8 33.Rd3 Ra8 34.
R1d2 Ra6 35.Rd6 Ra8 36.R6d3 Nd8 37.Rd1 Nf7 38.Bd2 Ne5 39.Rc3 Rab8 40.Bc1 
Rb3 41.Rxb3 Rxb3 42.e4 Nxc4 43.Rd3 Rxd3 44.Kxd3 d5 0-1

[Event "2 IECC, Ohrid"]
[Site "Ohrid MKD"]
[Date "2001.06.13"]
[Round "12.14"]
[White "Gdanski, Jacek"]
[Black "Macieja, Bartlomiej"]
[Result "1/2-1/2"]
[WhiteElo "2528"]
[BlackElo "2608"]
[EventDate "2001.06.01"]
[PlyCount "23"]

1.e4 e6 2.d4 d5 3.Nd2 dxe4 4.Nxe4 Bd7 5.Nf3 Bc6 6.Bd3 Nd7 7.O-O Ngf6 8.Qe2
Be7 9.c3 Bxe4 10.Bxe4 Nxe4 11.Qxe4 c6 12.Re1 1/2-1/2

[Event "2 IECC, Ohrid"]
[Site "Ohrid MKD"]
[Date "2001.06.13"]
[Round "12.17"]
[White "Tkachiev, Vladislav"]
[Black "Galego, Luis"]
[Result "1-0"]
[WhiteElo "2672"]
[BlackElo "2429"]
[EventDate "2001.06.01"]
[PlyCount "73"]

1.d4 Nf6 2.c4 d6 3.Nf3 c6 4.Nc3 Bg4 5.e4 Qa5 6.h3 Bh5 7.Qb3 Qb6 8.Be3 Na6 
9.Nd2 Qxb3 10.Nxb3 Bg6 11.f3 e5 12.dxe5 dxe5 13.c5 Nd7 14.Bxa6 bxa6 15.Na4
O-O-O 16.Na5 Nb8 17.g4 f6 18.Ke2 Bf7 19.b4 Be7 20.Nb2 Rd7 21.Nbc4 Be6 22.
a4 Rhd8 23.Rhc1 Rh8 24.Nd6+ Bxd6 25.cxd6 Rxd6 26.Bxa7 h5 27.Bc5 Rd7 28.b5 
hxg4 29.hxg4 Rh2+ 30.Bf2 axb5 31.axb5 Rd4 32.b6 Rb4 33.Rcb1 Bc4+ 34.Nxc4 
Rxc4 35.Kd3 Rxf2 36.Kxc4 Rxf3 37.Ra7 1-0

[Event "2 IECC, Ohrid"]
[Site "Ohrid MKD"]
[Date "2001.06.13"]
[Round "12.18"]
[White "Dautov, Rustem"]
[Black "Sokolov, Andrei"]
[Result "1/2-1/2"]
[WhiteElo "2631"]
[BlackElo "2568"]
[EventDate "2001.06.01"]
[PlyCount "96"]

1.d4 Nf6 2.c4 e6 3.Nf3 b6 4.g3 Ba6 5.b3 Bb4+ 6.Bd2 Be7 7.Bg2 d5 8.cxd5 
Nxd5 9.Nc3 O-O 10.O-O Nd7 11.Nxd5 exd5 12.Rc1 Re8 13.Re1 Bb7 14.Rc2 a5 15.
Qc1 c5 16.Be3 a4 17.Bh3 axb3 18.axb3 cxd4 19.Bxd4 Nc5 20.Qb2 Bf8 21.Rec1 
Ba6 22.Ra1 Bb5 23.Rxa8 Qxa8 24.Be3 Qa6 25.Nd4 Ra8 26.Bg2 Ne4 27.Bxe4 dxe4 
28.Rc7 Be8 29.Kg2 Rd8 30.Nc6 Rd1 31.Ne7+ Bxe7 32.Rxe7 Qc8 33.Qc3 Rd8 34.
Qxc8 Rxc8 35.Bxb6 Bb5 36.b4 Re8 37.Rxe8+ Bxe8 38.g4 Bb5 39.e3 f6 40.h4 Kf7
41.Kg3 Ke6 42.Kf4 Bc6 43.g5 f5 44.g6 hxg6 45.Bd4 Bb5 46.Bxg7 Be2 47.Bd4 
Kd6 48.Kg5 Bh5 1/2-1/2

[Event "2 IECC, Ohrid"]
[Site "Ohrid MKD"]
[Date "2001.06.13"]
[Round "12.22"]
[White "Moiseenko, Olexandr"]
[Black "Baklan, Volodymyr"]
[Result "0-1"]
[WhiteElo "2561"]
[BlackElo "2613"]
[EventDate "2001.06.01"]
[PlyCount "74"]

1.d4 Nf6 2.Nf3 g6 3.c4 Bg7 4.Nc3 O-O 5.Bf4 c5 6.d5 d6 7.e4 a6 8.a4 Ne8 9.
Be2 e5 10.dxe6 fxe6 11.Qd2 Nc6 12.e5 Qd7 13.exd6 Nd4 14.Rd1 Nxd6 15.O-O 
N6f5 16.Rfe1 b6 17.Nxd4 cxd4 18.Bf3 Ra7 19.Ne4 e5 20.a5 bxa5 21.Bg3 Qc7 
22.c5 Bb7 23.Qc2 Nxg3 24.hxg3 Kh8 25.Qc4 Bc6 26.Rc1 Bh6 27.Rb1 Qe7 28.Ra1 
Bb5 29.Qd5 a4 30.Nd6 Bg7 31.Rac1 Rc7 32.c6 Rb8 33.Nc4 Rd8 34.Nxe5 Rxd5 35.
Bxd5 Bxe5 36.f4 Qd6 37.Rxe5 Bxc6 0-1

[Event "2 IECC, Ohrid"]
[Site "Ohrid MKD"]
[Date "2001.06.13"]
[Round "12.29"]
[White "Halkias, Stelios"]
[Black "Asrian, Karen"]
[Result "0-1"]
[WhiteElo "2494"]
[BlackElo "2582"]
[EventDate "2001.06.01"]
[PlyCount "76"]

1.d4 d5 2.c4 e6 3.Nf3 Nf6 4.Nc3 c6 5.Bg5 h6 6.Bh4 dxc4 7.e4 g5 8.Bg3 b5 9.
Be2 Bb7 10.h4 g4 11.Ne5 h5 12.O-O Nbd7 13.Qc2 Nxe5 14.Bxe5 Bg7 15.Rad1 O-O
16.f3 Nh7 17.Bxg7 Kxg7 18.fxg4 Qxh4 19.gxh5 Ng5 20.Bf3 f5 21.d5 fxe4 22.
dxe6 exf3 23.e7 Rf6 24.Rd8 Nh3+ 25.gxh3 Qg3+ 26.Kh1 Qxh3+ 27.Kg1 Qg3+ 28.
Kh1 c5 29.e8=N+ Kf8 30.Nxf6+ Rxd8 31.Nce4 Bxe4 32.Nxe4 Qh3+ 33.Kg1 Ke7 34.
Re1 Rg8+ 35.Ng5+ Kf6 36.Qc3+ Kxg5 37.Re5+ Kf4+ 38.Kf2 Qh2+ 0-1

[Event "2 IECC, Ohrid"]
[Site "Ohrid MKD"]
[Date "2001.06.13"]
[Round "12.30"]
[White "Gyimesi, Zoltan"]
[Black "Cvitan, Ognjen"]
[Result "1/2-1/2"]
[WhiteElo "2571"]
[BlackElo "2526"]
[EventDate "2001.06.01"]
[PlyCount "160"]

1.d4 Nf6 2.c4 e6 3.Nf3 b6 4.g3 Ba6 5.b3 Bb4+ 6.Bd2 Be7 7.Bg2 c6 8.Bc3 d5 
9.Nbd2 Nbd7 10.O-O O-O 11.Re1 c5 12.e4 dxe4 13.Nxe4 Nxe4 14.Rxe4 Bb7 15.
Re3 Nf6 16.Ne5 cxd4 17.Bxd4 Bxg2 18.Kxg2 Rc8 19.Ng4 Rc7 20.Nxf6+ Bxf6 21.
Bxf6 Qxf6 22.Rd3 Rcc8 23.Rc1 Rcd8 24.c5 bxc5 25.Rxc5 Qe7 26.Rcc3 h6 27.Qf3
e5 28.Rc4 Rxd3 29.Qxd3 f5 30.Qd5+ Rf7 31.h4 h5 32.Rc5 e4 33.Rc8+ Kh7 34.
Qd1 g6 35.Qd4 Rg7 36.Rc5 Qb7 37.Qd5 Qe7 38.Rc6 e3 39.Re6 e2 40.Qe5 Qb7+ 
41.Kh2 f4 42.Qxe2 fxg3+ 43.fxg3 Rf7 44.Qc2 Rf5 45.Rc6 Qg7 46.Rc7 Rf2+ 47.
Qxf2 Qxc7 48.b4 Qd7 49.Qc2 Qb5 50.Qc7+ Kh6 51.Qf4+ Kh7 52.Qf7+ Kh6 53.Qf8+
Kh7 54.Qe7+ Kg8 55.a3 a6 56.Qd8+ Kf7 57.Qd2 Qa4 58.Qc3 Qb5 59.Qe3 Kg7 60.
Qe7+ Kg8 61.Qe6+ Kh7 62.Qe7+ Kg8 63.Qe4 Kh7 64.Kg2 a5 65.Kf2 axb4 66.axb4 
Kg7 67.Ke3 Kf7 68.Kd2 Qa4 69.Qd5+ Kf6 70.Qd6+ Kf5 71.Kc3 Qa3+ 72.Kc4 Qa4 
73.Kc5 Qc2+ 74.Kb6 Kg4 75.b5 Kh3 76.Qe5 Qc4 77.Kb7 Qf7+ 78.Kc6 Qf3+ 79.Kd6
Qf8+ 80.Ke6 Qe8+ 1/2-1/2

[Event "2 IECC, Ohrid"]
[Site "Ohrid MKD"]
[Date "2001.06.13"]
[Round "12.31"]
[White "Moreno Carnero, Javier"]
[Black "Greenfeld, Alon"]
[Result "1/2-1/2"]
[WhiteElo "2480"]
[BlackElo "2570"]
[EventDate "2001.06.01"]
[PlyCount "52"]

1.e4 e5 2.Nf3 Nf6 3.Nxe5 d6 4.Nf3 Nxe4 5.Bd3 d5 6.Qe2 Qe7 7.O-O Nd6 8.Qd1 
g6 9.Re1 Be6 10.Nc3 c6 11.Bf1 Bg7 12.d4 O-O 13.Bf4 Nd7 14.Qc1 Rae8 15.h3 
Nb6 16.b3 Qd8 17.a4 Nbc8 18.a5 a6 19.Bg5 f6 20.Bd2 Bf5 21.Na4 Rxe1 22.Nxe1
Ne4 23.Bb4 Re8 24.Nd3 Ncd6 25.c3 h5 26.Ra2 Ng5 1/2-1/2

[Event "2 IECC, Ohrid"]
[Site "Ohrid MKD"]
[Date "2001.06.13"]
[Round "12.36"]
[White "Istratescu, Andrei"]
[Black "Akopian, Vladimir"]
[Result "1-0"]
[WhiteElo "2561"]
[BlackElo "2654"]
[EventDate "2001.06.01"]
[PlyCount "57"]

1.c4 Nf6 2.Nc3 g6 3.e4 d6 4.d4 Bg7 5.f3 O-O 6.Be3 e5 7.Nge2 c6 8.Qd2 Nbd7 
9.O-O-O a6 10.Kb1 b5 11.c5 b4 12.Na4 d5 13.dxe5 Nxe5 14.Nb6 Rb8 15.Ng3 Be6
16.Bd4 Qc7 17.f4 Ned7 18.e5 Ne4 19.Nxe4 Bf5 20.Bd3 dxe4 21.Bc2 Rfe8 22.h3 
Bf8 23.g4 Nxc5 24.gxf5 Rxb6 25.fxg6 hxg6 26.Qe3 Nd7 27.Bxb6 Nxb6 28.Qxe4 
c5 29.h4 1-0

[Event "2 IECC, Ohrid"]
[Site "Ohrid MKD"]
[Date "2001.06.13"]
[Round "12.37"]
[White "Tregubov, Pavel"]
[Black "Romanyshyn, Oleh"]
[Result "1-0"]
[WhiteElo "2628"]
[BlackElo "2559"]
[EventDate "2001.06.01"]
[PlyCount "91"]

1.d4 Nf6 2.c4 e6 3.Nf3 b6 4.g3 Ba6 5.Nbd2 Bb4 6.Qc2 Bb7 7.Bg2 Be4 8.Qb3 
Nc6 9.O-O Bxd2 10.Bxd2 O-O 11.Rfd1 h6 12.Qe3 a6 13.Bc3 Re8 14.Bh3 b5 15.b3
bxc4 16.bxc4 Rb8 17.Ne5 d6 18.f3 dxe5 19.dxe5 Nd5 20.cxd5 Bxd5 21.f4 Ne7 
22.g4 Qc8 23.f5 Ba8 24.f6 Ng6 25.fxg7 Qb7 26.Kf2 Rbd8 27.Qxh6 Qb6+ 28.Qe3 
Qxe3+ 29.Kxe3 Kxg7 30.Bf1 Rd5 31.Rxd5 Bxd5 32.Kf2 Bc4 33.e3 Bxf1 34.Rxf1 
Rd8 35.Rc1 Rd5 36.Bd4 Ra5 37.Rxc7 Rxa2+ 38.Kg3 Ra5 39.h4 Kg8 40.h5 Nxe5 
41.g5 Rb5 42.g6 fxg6 43.h6 Nf7 44.h7+ Kxh7 45.Rxf7+ Kh6 46.Re7 1-0

[Event "2 IECC, Ohrid"]
[Site "Ohrid MKD"]
[Date "2001.06.13"]
[Round "12.39"]
[White "Chuchelov, Vladimir"]
[Black "Markowski, Tomasz"]
[Result "0-1"]
[WhiteElo "2550"]
[BlackElo "2592"]
[EventDate "2001.06.01"]
[PlyCount "66"]

1.Nf3 d6 2.d4 g6 3.c4 Bg7 4.Nc3 c5 5.e3 Nf6 6.Be2 O-O 7.O-O e6 8.e4 Nc6 9.
Be3 b6 10.d5 exd5 11.cxd5 Ne7 12.Nd2 Ne8 13.f4 f5 14.Kh1 Bb7 15.Bg1 Nc7 
16.exf5 Rxf5 17.Bd3 Rf8 18.Nde4 Qd7 19.Qb3 Kh8 20.Bc4 Rab8 21.a4 Ba8 22.
Ng5 h6 23.Nge4 a6 24.Rad1 b5 25.axb5 axb5 26.Be2 b4 27.Qa4 Qd8 28.Nb1 
Ncxd5 29.Qb3 Qc7 30.Qg3 Bxb2 31.Bc4 Bg7 32.f5 gxf5 33.Nxd6 f4 0-1